UBT Library

The Everryday Writers (Record no. 50874)

000 -LEADER
fixed length control field 00301nam a22001337a 4500
008 - FIXED-LENGTH DATA ELEMENTS--GENERAL INFORMATION
fixed length control field 181024b xxu||||| |||| 00| 0 eng d
020 ## - INTERNATIONAL STANDARD BOOK NUMBER
International Standard Book Number 9780312538774
041 ## - LANGUAGE CODE
Language code of text/sound track or separate title eng
080 ## - UNIVERSAL DECIMAL CLASSIFICATION NUMBER
Edition identifier 4 ed
Universal Decimal Classification number 370
100 ## - Rafti
Rafti 37
101 ## - Shkurtesa
Shkurtesa edu
245 ## - TITLE STATEMENT
Title The Everryday Writers
Statement of responsibility, etc Andrea.A.AL
942 ## - ADDED ENTRY ELEMENTS (KOHA)
Source of classification or shelving scheme
Item type Books
Holdings
Withdrawn status Lost status Source of classification or shelving scheme Damaged status Not for loan Collection code Permanent location Current location Shelving location Date acquired Total Checkouts Barcode Date last seen Copy number Price effective from Koha item type
          Koleksioni i përgjithshem UBT - Lipjan UBT - Lipjan Koleksioni i përgjithshem 10/24/2018   370 AND 10/24/2018 002-3016602 10/24/2018 Books
UBT Library © 2015-2024. All rights reserved University Education for Business and Technology